000 00376nam a2200133Ia 4500
008 230907s9999||||xx |||||||||||||| ||und||
082 _a823.912
_bTOL
100 _aTolkien, J. R. R.
_964032
245 4 _aThe return of the king :
260 _aHarper Collins Publishers,
_bBoston :
_c2007
300 _a1439 p. :
650 _aFiction. English Literature
_910267
942 _cBK
999 _c599793
_d599793